Las Américas sin barreras : (Record no. 113157)

MARC details
000 -CABECERA
campo de control de longitud fija 00753nam a2200205 a 4500
005 - FECHA Y HORA DE LA ÚLTIMA TRANSACCIÓN
campo de control 20240914063732.0
008 - ELEMENTOS DE LONGITUD FIJA--INFORMACIÓN GENERAL
campo de control de longitud fija 991125s2001 sal 000 0 spa u
020 ## - NÚMERO INTERNACIONAL NORMALIZADO PARA LIBROS
Número Internacional Estándar del Libro 1886938946
035 ## - NÚMERO DE CONTROL DEL SISTEMA
Número de control de sistema UPN01000141009
049 ## - COLECCIÓN
Colección CG
050 #4 - SIGNATURA TOPOGRÁFICA DE LA BIBLIOTECA DEL CONGRESO
Número de clasificación HF1770.5
Número de documento/Ítem A4.3
245 04 - MENCIÓN DE TÍTULO
Título Las Américas sin barreras :
Resto del título negociaciones comerciales de acceso a mercados en los años noventa /
Mención de responsabilidad, etc. ed. Antoni Estevadeordal.
260 ## - PUBLICACIÓN, DISTRIBUCIÓN, ETC.
Lugar de publicación, distribución, etc. Washington :
Nombre del editor, distribuidor, etc. Banco Interamericano de Desarrollo,
Fecha de publicación, distribución, etc. 2001.
300 ## - DESCRIPCIÓN FÍSICA
Extensión 324 p. :
Otras características físicas cuadros
650 #4 - ASIENTO SECUNDARIO DE MATERIA - TERMINO TEMATICO
Término de materia o nombre geográfico como elemento de entrada LIBRE COMERCIO -
Subdivisión geográfica AMERICA LATINA
9 (RLIN) 15399
650 #0 - ASIENTO SECUNDARIO DE MATERIA - TERMINO TEMATICO
Término de materia o nombre geográfico como elemento de entrada Integración económica internacional
9 (RLIN) 2696
651 #4 - ASIENTO SECUNDARIO DE MATERIA - NOMBRE GEOGRAFICO
Nombre geográfico AMERICA LATINA -
Subdivisión general RELACIONES ECONOMICAS EXTRANJERAS
9 (RLIN) 4000
700 1# - ASIENTO SECUNDARIO--NOMBRE DE PERSONAL
Nombre de persona Estevadeordal, Antoni,
Término indicativo de función/relación ed.
905 ## - TIPO DE MATERIAL
Tipo de material Libro
Holdings
Estado de retiro Estado de pérdida Fuente del sistema de clasificación o colocación Estado dañado No para préstamo Código de colección Localización permanente Ubicación/localización actual Ubicación en estantería Total de préstamos Clasificación Código de barras Fecha visto por última vez Número de copia Tipo de ítem Koha
    Library of Congress Classification     Colección General Bib. Gregorio Torres Quintero Bib. Gregorio Torres Quintero Planta baja   HF1770.5 A4.3 233169 31/12/2020 1 Libro